[Event "HUN-chT2 Toth 0910"]
[Site "Hungary"]
[Date "2009.12.06"]
[Round "3.7"]
[White "Fodor, Istvan"]
[Black "Lantos, Istvan"]
[Result "1/2-1/2"]
[WhiteElo "2037"]
[BlackElo "1892"]
[PlyCount "165"]
[EventDate "2009.11.08"]
[EventType "team-tourn"]
[EventRounds "11"]
[EventCountry "HUN"]
[SourceTitle "EXT 2011"]
[Source "ChessBase"]
[SourceDate "2010.11.26"]
[SourceVersion "1"]
[SourceVersionDate "2010.11.26"]
[SourceQuality "1"]
[WhiteTeam "Karcag"]
[BlackTeam "Szentes Spartacus"]
[WhiteTeamCountry "HUN"]
[BlackTeamCountry "HUN"]

1. d4 f5 2. c4 g6 3. Nc3 Nf6 4. g3 Bg7 5. Bg2 c6 6. Nf3 d6 7. 0-0 0-0 8. Bg5 Qb6 9. Qc2 Be6 10. b3 Nbd7 11. Be3 Qc7 12. Ng5 Bf7 13. Nxf7 Rxf7 14. Rfd1 Ng4 15. Bc1 e5 16. dxe5 Bxe5 17. h3 Ngf6 18. Bb2 Nh5 19. e3 Raf8 20. f4 Bg7 21. Kh2 Nhf6 22. Qd2 Qb6 23. Na4 Qc7 24. Qxd6 Qxd6 25. Rxd6 Re8 26. Rd3 b5 27. cxb5 cxb5 28. Nc3 Nc5 29. Rd2 b4 30. Nd5 Nfe4 31. Bxg7 Kxg7 32. Rd4 a5 33. Rc1 a4 34. Bxe4 Nxe4 35. Rxb4 axb3 36. Rxb3 Rd7 37. Rb5 Ra8 38. Rc2 Ra3 39. Kg2 Rd3 40. g4 R3xd5 41. Rxd5 Rxd5 42. Rc7+ Kf6 43. gxf5 gxf5 44. Rxh7 Rd2+ 45. Kf1 Rxa2 46. Rh6+ Kg7 47. Rb6 Rh2 48. Rb7+ Kg6 49. Rb6+ Nf6 50. h4 Rxh4 51. Ke2 Rh7 52. Re6 Rd7 53. Kf3 Kf7 54. Re5 Kg6 55. Re6 Rh7 56. Kg3 Kf7 57. Rb6 Ne4+ 58. Kf3 Rh3+ 59. Ke2 Rh2+ 60. Kd3 Rd2+ 61. Kc4 Rd7 62. Ra6 Nf2 63. Ra5 Ke6 64. Re5+ Kf6 65. Ra5 Ng4 66. Ra6+ Kf7 67. Ra3 Kg6 68. Kc5 Kh5 69. Kc6 Rd2 70. Kc5 Kh4 71. Kc4 Nf2 72. Rb3 Kg4 73. Ra3 Re2 74. Kd4 Ne4 75. Ra1 Kf3 76. Rf1+ Kg2 77. Ra1 Kf2 78. Rh1 Rd2+ 79. Ke5 Kxe3 80. Rh3+ Kf2 81. Rh2+ Ke3 82. Rxd2 Kxd2 83. Kxf5 1/2-1/2